<?xml version="1.0" encoding="UTF-8"?>
<marc:record xmlns:marc="http://www.loc.gov/MARC21/slim">
   <marc:leader>00000nam a2200000 a 4500</marc:leader>
   <marc:datafield ind1="1" ind2=" " tag="100">
      <marc:subfield code="a">Bessette, Alicia</marc:subfield>
      <marc:subfield code="4">aut</marc:subfield>
      <marc:subfield code="e">Verfasser/-in</marc:subfield>
   </marc:datafield>
   <marc:datafield ind1="1" ind2=" " tag="100">
      <marc:subfield code="a">Fischer, Andrea</marc:subfield>
      <marc:subfield code="4">trl</marc:subfield>
      <marc:subfield code="e">Übersetzer/-in</marc:subfield>
   </marc:datafield>
   <marc:datafield ind1="1" ind2=" " tag="100">
      <marc:subfield code="a">Bessette, Alicia</marc:subfield>
   </marc:datafield>
   <marc:datafield ind1=" " ind2=" " tag="653">
      <marc:subfield code="a">Softcover / Belletristik/Gegenwartsliteratur (ab 1945)</marc:subfield>
   </marc:datafield>
   <marc:datafield ind1="0" ind2="0" tag="245">
      <marc:subfield code="a">Weiß der Himmel von dir</marc:subfield>
   </marc:datafield>
   <marc:datafield ind1="0" ind2="0" tag="245">
      <marc:subfield code="b">Roman</marc:subfield>
   </marc:datafield>
   <marc:datafield ind1="0" ind2="0" tag="245">
      <marc:subfield code="c">Alicia Bessette. Aus dem Amerikan. von Andrea Fischer</marc:subfield>
   </marc:datafield>
   <marc:datafield ind1=" " ind2="1" tag="264">
      <marc:subfield code="a">Frankfurt, M.</marc:subfield>
      <marc:subfield code="b">Krüger</marc:subfield>
      <marc:subfield code="c">2010</marc:subfield>
   </marc:datafield>
   <marc:datafield ind1="1" ind2=" " tag="520">
      <marc:subfield code="a">Angaben aus der Verlagsmeldung

Weiß der Himmel von dir : Roman Simply From Scratch / von Alicia Bessette

Alicia Bessette schreibt so witzig und liebenswert, so ergreifend und erfrischend über Liebe, Verlust und Freundschaft: der lebendigste Roman seit ›P.S. Ich liebe Dich‹.&lt;br&gt;
&lt;br&gt;
Zell und Nick waren zum Heulen glücklich: Skifahren, bis das Gesicht einfriert, Tanzen im Wohnzimmer, nächtliche Rennen mit ihrem Windhund Captain Ahab. Und eine ganze Fußballmannschaft an Kindern wollten sie haben. Dann verunglückt Nick, als er nach dem Hurrikan ›Katrina‹ den Menschen in New Orleans beim Wiederaufbau hilft.&lt;br&gt;
Zell zieht sich völlig zurück, spricht nur noch mit ihrem Hund und hört alte Soul-Schlager auf einem kratzigen Plattenspieler. Erst mit Hilfe ihrer Freunde und ihres kleinen Nachbarsmädchen, mit dem sie am Wettbewerb einer Fernsehköchin teilnimmt, kommt das Leben langsam zurück. Manchmal braucht es eben eine ganze Stadt, um Trauer in Zukunft zu verwandeln …
</marc:subfield>
   </marc:datafield>
   <marc:datafield ind1=" " ind2=" " tag="020">
      <marc:subfield code="a">9783810502650</marc:subfield>
      <marc:subfield code="9">9783810502650</marc:subfield>
   </marc:datafield>
   <marc:datafield ind1=" " ind2=" " tag="041">
      <marc:subfield code="a">ger</marc:subfield>
   </marc:datafield>
   <marc:datafield ind1=" " ind2=" " tag="300">
      <marc:subfield code="a">364 S.</marc:subfield>
   </marc:datafield>
</marc:record>
